[Event "Tourn. n8739"]
[Site "www.chess-mail.com"]
[Date "2016.08.03"]
[Round "1"]
[White "Orhany24"]
[Black "Sontuozio"]
[WhiteElo "2200"]
[BlackElo "2230"]
[Result "1/2-1/2"]
[Round "1"]
1.e4 e6
2.d4 d5
3.exd5 exd5
4.Ng1f3 Ng8f6
5.Bf1d3 Bf8d6
6.O-O O-O
7.h3 Nb8d7
8.c4 c6
9.c5 Bd6c7
10.Bc1g5 b6
11.cxb6 Bc7xb6
12.Nb1c3 Bc8b7
13.Rf1e1 Qd8c7
14.Ra1c1 a6
15.Bd3b1 Qc7d6
16.Qd1d3 g6
17.Nf3e5 Rf8e8
18.h4 Nd7xe5
19.dxe5 Re8xe5
20.Qd3f3 Re5xe1
21.Rc1xe1 Nf6d7
22.h5 Bb6d4
23.hxg6 hxg6
24.Bg5e7 Qd6c7
25.Qf3g4 Bd4g7
26.Be7g5 Nd7f6
27.Qg4h4 Ra8e8
28.Re1xe8 Nf6xe8
29.Bb1d3 Qc7e5
30.Bg5d2 Ne8f6
31.Qh4b4 Qe5c7
32.Qb4c5 Bb7c8
33.Bd2g5 Bc8e6
34.Bd3xa6 Nf6g4
35.g3 Bg7f8
36.Qc5d4 c5
37.Qd4f4 Qc7xf4
38.Bg5xf4 d4
39.Nc3e4 Be6xa2
40.f3 Ng4e3
41.Bf4xe3 dxe3
42.Kf1 c4
43.Ke2 Bf8g7
44.Ne4c3 Ba2b3
45.Kxe3 f5
46.Ba6b7 Kf7
47.Bb7d5 Ke7
48.g4 Kd6
49.Bd5f7 fxg4
50.fxg4 Bg7xc3
51.bxc3 g5
52.Kd4 Bb3d1
53.Bf7h5 Bd1e2
{ draw }
1/2-1/2

[Event "Tourn. n8860"]
[Site "www.chess-mail.com"]
[Date "2016.08.03"]
[Round "1"]
[White "Robinjut"]
[Black "Jjmcbride"]
[WhiteElo "1540"]
[BlackElo "1530"]
[Result "1-0"]
[Round "1"]
1.e4 e5
2.Ng1f3 f6
3.Nb1c3 a6
4.h3 c6
5.d3 d5
6.exd5 cxd5
7.Qd1e2 d4
8.Nc3e4 Bf8b4
9.Nf3d2 Bc8e6
10.a3 Bb4a5
11.b4  { time }
1-0

[Event "Tourn. n8670"]
[Site "www.chess-mail.com"]
[Date "2016.08.03"]
[Round "1"]
[White "Falcoale"]
[Black "Sik"]
[WhiteElo "1850"]
[BlackElo "1680"]
[Result "0-1"]
[Round "1"]
1.e4 e5
2.Ng1f3 Nb8c6
3.Bf1c4 h6
4.O-O Ng8f6
5.d3 d6
6.h3 Bc8e6
7.Bc4b3 Qd8d7
8.Nf3h2 Bf8e7
9.f4 O-O-O
10.f5 Be6xb3
11.axb3 Kb8
12.Nh2g4 h5
13.Ng4e3 g5
14.Ne3d5 Rd8g8
15.Nd5xe7 Qd7xe7
16.Bc1e3 a6
17.Nb1c3 h4
18.Nc3d5 Nf6xd5
19.exd5 Nc6a7
20.Qd1f3 f6
21.Qf3f2 Na7c8
22.b4 g4
23.hxg4 Rg8xg4
24.b5 h3
25.g3 Rh8g8
26.Kh2 Rg4xg3
27.Qf2xg3 Rg8xg3
28.Kxg3 axb5
29.Kxh3 c5
30.Rf1g1 Qe7h7
31.Kg2 Qh7xf5
32.Ra1f1 Qf5g4
33.Kf2 Qg4b4
34.b3 Nc8e7
35.Rg1h1 Ne7xd5
36.Rh1h8 Ka7
37.Rf1a1 Kb6
38.Rh8d8 Qb4h4
39.Ke2 Qh4h2
40.Be3f2 Qh2h5
41.Kd2 Qh5g5
42.Ke1 Kc6
43.Ra1a8 Qg5c1
44.Ke2 Nd5c3
45.Kf3 Qc1d1
46.Kg2 Nc3d5
47.c4 Nd5f4
48.Kg3 Qd1xd3
49.Kg4 Qd3h3
{ resign }
0-1

[Event "Match"]
[Site "www.echecsemail.com"]
[Date "2016.08.03"]
[Round "1"]
[White "Conde7"]
[Black "Nimzo"]
[WhiteElo "2840"]
[BlackElo "2840"]
[Result "1/2-1/2"]
[Round "1"]
1.e4 c5
2.Ng1f3 e6
3.Nb1c3 Nb8c6
4.d4 cxd4
5.Nf3xd4 Qd8c7
6.f4 a6
7.a3 b5
8.Bc1e3 Bc8b7
9.Nd4b3 Bf8e7
10.g3 Ng8f6
11.Bf1g2 O-O
12.Qd1e2 d6
13.O-O Nf6d7
14.Nc3b1 Rf8b8
15.Rf1d1 a5
16.Nb3c1 b4
17.Nc1d3 Bb7a6
18.axb4 Nc6xb4
19.Nb1c3 Be7f6
20.Ra1a3 Nd7c5
21.h3 Rb8c8
22.e5 dxe5
23.Bg2xa8 Rc8xa8
24.Be3xc5 Nb4xd3
25.cxd3 Qc7xc5
26.Qe2f2 Bf6e7
27.Ra3a1 Qc5c7
28.fxe5 Qc7xe5
29.d4 Qe5h5
30.d5 Ba6b7
31.d6 Qh5xh3
32.Qf2h2 Qh3xh2
33.Kxh2 Be7f6
{ draw }
1/2-1/2

[Event "Match"]
[Site "www.echecsemail.com"]
[Date "2016.08.03"]
[Round "1"]
[White "Sonny1000"]
[Black "Tomcapp"]
[WhiteElo "1540"]
[BlackElo "1490"]
[Result "0-1"]
[Round "1"]
1.e4 e5
2.Ng1f3 Nb8c6
3.c3 d6
4.h3 Ng8f6
5.b4 a6
6.Bf1d3 g6
7.Nf3h4 Bf8g7
8.Bd3c4 O-O
9.O-O b5
10.Bc4b3 Bc8e6
11.Bb3xe6 fxe6
12.Qd1b3 d5
13.f4 exf4
14.d3 g5
15.Nh4f3 Qd8d6
16.Nf3xg5 f3
17.Rf1xf3 dxe4
18.dxe4 h6
19.Ng5xe6 Rf8f7
20.Ne6f4 Nf6xe4
21.Rf3d3 Qd6f6
22.Nf4e6 Qf6f2
23.Kh2 Bg7e5
{ resign }
0-1

[Event "Eq:Slap Shot Mates-Royal chess : "]
[Site "www.chess-mail.com"]
[Date "2016.08.03"]
[Round "1"]
[White "Mustaphly"]
[Black "Huw"]
[WhiteElo "2870"]
[BlackElo "2260"]
[Result "1-0"]
[Round "1"]
1.d4 Ng8f6
2.Ng1f3 e6
3.c4 c5
4.e3 d5
5.Nb1c3 Nb8c6
6.a3 a6
7.cxd5 Nf6xd5
8.Bf1d3 Bf8e7
9.O-O O-O
10.Nc3xd5 exd5
11.dxc5 Be7xc5
12.Qd1c2 Bc5d6
13.Bd3xh7 Kh8
14.Bh7d3 Bc8g4
15.Bd3e2 Ra8c8
16.Qc2b3 Qd8c7
17.h3 Bg4h5
18.Qb3xd5 Bh5g6
19.Bc1d2 Rf8d8
20.Qd5c4 Qc7b6
21.Qc4h4 Kg8
22.Bd2c3  { time }
1-0

[Event "Tourn. n8904"]
[Site "www.chess-mail.com"]
[Date "2016.08.04"]
[Round "1"]
[White "Francesco"]
[Black "Estonia"]
[WhiteElo "2000"]
[BlackElo "2050"]
[Result "0-1"]
[Round "1"]
1.e4 e5
2.Ng1f3 Nb8c6
3.d4 exd4
4.Nf3xd4 Nc6xd4
5.Qd1xd4 b6
6.Bf1c4 Bc8b7
7.Nb1c3 c5
8.Qd4d1 Qd8h4
9.O-O Ng8f6
10.Bc4d5 Bb7xd5
11.Nc3xd5 Nf6xd5
12.Qd1xd5 Ra8b8
13.Bc1g5 Qh4g4
14.Ra1d1 h6
15.h3 Qg4e6
16.Rd1d2 hxg5
17.Qd5xg5 g6
18.Rf1d1 Bf8h6
{ resign }
0-1

[Event "Tourn. n8899"]
[Site "www.chess-mail.com"]
[Date "2016.08.04"]
[Round "1"]
[White "Caspito"]
[Black "Ison"]
[WhiteElo "1880"]
[BlackElo "1780"]
[Result "0-1"]
[Round "1"]
1.e4 e5
2.Ng1f3 Nb8c6
3.Bf1c4 Bf8c5
4.O-O Ng8f6
5.c3 d6
6.Nf3g5 O-O
7.Qd1b3 Qd8e7
8.d4 exd4
9.cxd4 Nc6xd4
10.Qb3d3 h6
11.Ng5f3 Qe7xe4
12.Nb1c3 Qe4xd3
13.Bc4xd3 Nd4xf3
14.gxf3 Bc8d7
15.Kg2 Bd7c6
16.Bc1f4 Nf6d5
17.Ra1c1 Nd5xf4
{ resign }
0-1

[Event "Tourn. n8905"]
[Site "www.chess-mail.com"]
[Date "2016.08.04"]
[Round "1"]
[White "Madz123456"]
[Black "Bojan"]
[WhiteElo "2020"]
[BlackElo "1930"]
[Result "1-0"]
[Round "1"]
1.d4 d5
2.Ng1f3 Nb8c6
3.Bc1f4 h6
4.c4 dxc4
5.Nb1c3 Ng8f6
6.e4 Nc6a5
7.Nc3b5 Bc8g4
8.Nb5xc7 Kd7
9.Qd1a4 Kc8
10.Qa4xa5 Nf6xe4
11.Ra1c1 g5
12.Rc1xc4 gxf4
13.Nf3e5 b6
14.Nc7a6 Kb7
15.Qa5d5 Qd8xd5
16.Rc4c7 { resign }
1-0

[Event "Tourn. n8852"]
[Site "www.chess-mail.com"]
[Date "2016.08.04"]
[Round "1"]
[White "Jackbauer"]
[Black "Daquata"]
[WhiteElo "1870"]
[BlackElo "1850"]
[Result "0-1"]
[Round "1"]
1.e4 e5
2.f4 exf4
3.Ng1f3 g5
4.h3 Bf8g7
5.Bf1c4 d6
6.d4 Nb8c6
7.c3 Qd8e7
8.Nb1d2 Bc8d7
9.Qd1e2 O-O-O
10.b4 f5
11.O-O fxe4
12.Nd2xe4 h6
13.Qe2d3 Ng8f6
14.Rf1e1 Nf6xe4
15.Qd3xe4 Qe7xe4
16.Re1xe4 Bd7f5
17.Re4e2 Rd8e8
18.Bc1b2 Re8xe2
19.Bc4xe2 Rh8e8
20.Be2b5 Bf5d7
21.a4 a6
22.Bb5xc6 Bd7xc6
23.Ra1f1 Bc6xa4
24.Kh2 Re8e2
25.Rf1b1 Ba4c6
26.Rb1e1 Bc6xf3
27.Re1xe2 Bf3xe2
28.d5 Be2c4
29.Kg1 Bc4xd5
30.Kf2 Kd7
31.Bb2a1 Kc6
32.Ba1b2 Bg7e5
33.Bb2a1 Kb5
34.Ba1b2 Kc4
35.Ke2 Be5xc3
36.Bb2xc3 Kxc3
{ resign }
0-1

[Event "Tourn. n8776"]
[Site "www.chess-mail.com"]
[Date "2016.08.04"]
[Round "1"]
[White "Rons"]
[Black "Seger"]
[WhiteElo "2550"]
[BlackElo "2760"]
[Result "0-1"]
[Round "1"]
1.e4 c5
2.Ng1f3 d6
3.d4 cxd4
4.Nf3xd4 Ng8f6
5.Nb1c3 a6
6.Bc1e3 e5
7.Nd4b3 Bc8e6
8.f3 Nb8d7
9.g4 b5
10.g5 b4
11.Nc3e2 Nf6h5
12.Qd1d2 a5
13.Ne2g3 Nh5xg3
14.hxg3 a4
15.Nb3c1 Qd8a5
16.f4 Nd7c5
17.Bf1g2 Bf8e7
18.f5 Be6d7
19.f6 gxf6
20.gxf6 Be7f8
21.Nc1d3 Nc5xd3
22.cxd3 a3
23.b3 Ra8c8
24.Ra1d1 Rc8c3
25.Bg2f3 h6
26.Qd2f2 Rh8g8
27.Kf1 Qa5a6
28.Bf3e2 Qa6b7
29.Kg2 d5
30.Be2f3 d4
31.Be3xh6 Bf8xh6
32.Rh1xh6 Kd8
33.Rd1d2 Kc7
34.Rh6h5 Qb7b5
35.Rh5h7 Bd7e6
36.Qf2f1 Qb5e8
37.Qf1h1 Kd6
38.Qh1h5 Rc3c1
39.Rd2f2 Rc1b1
40.Rh7g7 Rg8f8
41.Rg7h7 Qe8c8
42.Qh5g5 Rf8g8
43.Qg5d2 Qc8c3
44.Qd2e2 Qc3c1
45.Rf2f1 Qc1xf1
{ resign }
0-1

[Event "Tourn. n8858"]
[Site "www.chess-mail.com"]
[Date "2016.08.04"]
[Round "1"]
[White "Kampungboy"]
[Black "Huw"]
[WhiteElo "2200"]
[BlackElo "2320"]
[Result "1-0"]
[Round "1"]
1.e4 c5
2.d4 cxd4
3.c3 dxc3
4.Nb1xc3 Nb8c6
5.Ng1f3 e6
6.Bf1c4 a6
7.O-O Bf8e7
8.Qd1e2 b5
9.Bc4b3 Ng8f6
10.e5 Nf6g8
11.Rf1d1 f6
12.Bb3xe6 fxe5
13.Nf3xe5 Nc6xe5
14.Qe2xe5 Ng8f6
15.Nc3e4 Kf8
16.Bc1f4 Qd8b6
17.Be6b3 Bc8b7
18.Rd1d6  { time }
1-0

[Event "Match"]
[Site "www.echecsemail.com"]
[Date "2016.08.04"]
[Round "1"]
[White "Jhzes"]
[Black "Biggles"]
[WhiteElo "1810"]
[BlackElo "2100"]
[Result "1-0"]
[Round "1"]
1.Ng1f3 Ng8f6
2.c4 Nb8c6
3.Nb1c3 e5
4.e3 d5
5.cxd5 Nf6xd5
6.Bf1b5 Bf8b4
7.Nf3xe5 O-O
8.Ne5xc6 Qd8g5
9.Nc6xb4 Nd5xb4
10.g3 Bc8g4
11.Bb5e2 Nb4d3
12.Kf1 Bg4h3
13.Kg1 Qg5g6
14.Be2xd3 Qg6xd3
15.Qd1e2 Qd3d6
16.d4 Rf8e8
17.Nc3b5 Qd6c6
18.f3 Re8e6
19.Bc1d2 a6
20.Nb5c3 Re6f6
21.Nc3e4 Rf6e6
22.Ne4g5 Re6h6
23.Ng5xh3 Rh6xh3
24.Ra1c1 Qc6d6
25.g4 Ra8d8
26.Qe2g2 Rh3h6
27.f4 b6
28.g5 Rh6e6
29.f5 Re6e8
30.h4 c5
31.Rc1c4 Rd8c8
32.d5 b5
33.Rc4g4 c4
34.f6 Re8e5
35.e4 b4
36.Qg2f2 Qd6d7
37.Qf2f3 Qd7a4
38.fxg7 b3
39.axb3 cxb3
40.Rg4f4 Qa4d4
41.Bd2e3 Rc8c1
42.Kh2 Qd4xb2
43.Kg3 Rc1xh1
44.Qf3xh1 Kxg7
45.Qh1g1 Qb2c3
46.Kg4 Qc3c8
47.Kh5 Kg8
48.Be3d4 Re5e7
49.Qg1e3 Re7b7
50.Bd4b2 Qc8c2
51.Qe3d4 Rb7d7
52.Qd4g7 
1-0

[Event "Match"]
[Site "www.echecsemail.com"]
[Date "2016.08.04"]
[Round "1"]
[White "Karpov35"]
[Black "Johndyson"]
[WhiteElo "1809"]
[BlackElo "2600"]
[Result "0-1"]
[Round "1"]
1.c4 e5
2.g3 Ng8f6
3.Bf1g2 d5
4.cxd5 Nf6xd5
5.Nb1c3 Nd5b6
6.e3 Nb8c6
7.Ng1e2 Bf8b4
8.O-O h5
9.h4 Bc8g4
10.Qd1c2 Qd8d7
11.a3 Bb4e7
12.Kh2 g5
13.hxg5 h4
14.Kg1 Be7xg5
15.f3 Bg4f5
16.e4 Nc6d4
17.Ne2xd4 Qd7xd4
{ resign }
0-1

[Event "Match"]
[Site "www.echecsemail.com"]
[Date "2016.08.04"]
[Round "1"]
[White "Darknight"]
[Black "Willyp"]
[WhiteElo "1760"]
[BlackElo "1889"]
[Result "1-0"]
[Round "1"]
1.e4 c5
2.Bf1c4 e6
3.a3 Nb8c6
4.c3 Ng8f6
5.d3 Bf8d6
6.h3 O-O
7.Bc1g5 h6
8.Bg5h4 g5
9.Bh4g3 Bd6xg3
10.fxg3 Qd8c7
11.Ng1e2 Nf6h5
12.Kd2 Nh5xg3
13.Ne2xg3 Qc7xg3
14.Qd1e2 Qg3f4
15.Kc2 Nc6e5
16.Nb1d2 Ne5xc4
17.Nd2xc4 b6
18.Ra1f1 Qf4c7
19.Rf1f6 Kg7
20.e5 Qc7c6
21.h4 Bc8b7
22.Rh1h2 Kg8
23.hxg5 Qc6a4
24.Kb1 b5
25.Rh2xh6 Kg7
26.Qe2h5 { resign }
1-0

[Event "Match"]
[Site "www.echecsemail.com"]
[Date "2016.08.04"]
[Round "1"]
[White "Hundegana"]
[Black "Ztornad"]
[WhiteElo "1950"]
[BlackElo "1770"]
[Result "1-0"]
[Round "1"]
1.f4 b6
2.g3 Bc8b7
3.Ng1f3 h5
4.h4 Ng8f6
5.Bf1g2 e6
6.O-O Bf8c5
7.d4 Bc5d6
8.Nb1c3 Nb8c6
9.e4 Nf6g4
10.Bg2h3 Qd8e7
11.e5 Bd6b4
12.a3 Bb4xc3
13.bxc3 Nc6a5
14.Bh3xg4 hxg4
15.Nf3h2 f5
16.Rf1f2 Na5c4
17.Qd1e2 Bb7a6
18.Qe2d1 b5
19.Nh2f1 d5
20.Nf1d2 Nc4e3
21.Qd1e2 Ne3xc2
22.Ra1a2 Nc2xd4
23.cxd4 O-O
24.a4 Qe7d7
25.a5 Rf8c8
26.Nd2b3 Rc8e8
27.Nb3c5 Qd7c8
28.Kh2 Ra8b8
29.Kh1 Re8e7
30.Rf2h2 c6
31.h5 g6
32.hxg6 Re7g7
33.Rh2h6 Kf8
34.Rh6h8 Rg7g8
35.Qe2h2 Rb8b7
36.Nc5xa6 Rb7e7
37.Na6c5 a6
38.Qh2h4 Qc8c7
39.Qh4f6 Re7f7
40.Nc5xe6 Ke8
41.Ne6xc7 Rf7xc7
42.Rh8xg8  { time }
1-0

[Event "Match"]
[Site "www.echecsemail.com"]
[Date "2016.08.04"]
[Round "1"]
[White "Drawlward"]
[Black "Calponas"]
[WhiteElo "1809"]
[BlackElo "2000"]
[Result "1-0"]
[Round "1"]
1.e4 c5
2.Ng1f3 d6
3.d4 cxd4
4.Nf3xd4 Ng8f6
5.Nb1c3 a6
6.Bc1g5 e6
7.f4 Qd8b6
8.Qd1d2 Qb6xb2
9.Ra1b1 Qb2a3
10.e5 dxe5
11.fxe5 Nf6d7
12.Nc3e4 Nb8c6
13.Nd4xc6 bxc6
14.Bf1e2 Nd7xe5
15.Qd2d8 { resign }
1-0

[Event "Match"]
[Site "www.echecsemail.com"]
[Date "2016.08.04"]
[Round "1"]
[White "Fenwick45"]
[Black "Ledzepp"]
[WhiteElo "1499"]
[BlackElo "1390"]
[Result "0-1"]
[Round "1"]
1.Ng1f3 d5
2.c4 dxc4
3.e4 Bc8e6
4.Qd1a4 Be6d7
5.Qa4xc4 Nb8c6
6.d4 Nc6a5
7.Qc4c3 c6
8.b4 b6
9.bxa5 bxa5
10.Bf1e2 e5
11.Nf3xe5 Bf8b4
{ resign }
0-1

[Event "1/128 Finale"]
[Site "www.chess-mail.com"]
[Date "2016.08.04"]
[Round "1"]
[White "Mitja"]
[Black "Franciscus"]
[WhiteElo "1960"]
[BlackElo "1499"]
[Result "0-1"]
[Round "1"]
1.d4 c5
2.dxc5 e6
3.c3 Bf8xc5
4.e3 Ng8f6
5.Ng1e2 d5
6.Ne2g3 h5
7.h3 Nb8c6
8.Nb1d2 h4
9.Ng3e2 e5
10.Nd2b3 b6
11.Nb3xc5 bxc5
12.b3 O-O
13.Bc1b2 d4
14.cxd4 cxd4
15.exd4 Nf6e4
16.dxe5 Qd8b6
17.Qd1c2 Qb6xf2
18.Kd1 Rf8d8
19.Kc1 Qf2e1
{ resign }
0-1

[Event "1/128 Finale"]
[Site "www.chess-mail.com"]
[Date "2016.08.04"]
[Round "1"]
[White "Llord"]
[Black "Didpa"]
[WhiteElo "1850"]
[BlackElo "1430"]
[Result "1-0"]
[Round "1"]
1.e4 e5
2.Ng1f3 d6
3.Bf1e2 Ng8f6
4.Nb1c3 Bc8g4
5.h3 Bg4e6
6.d4 Nb8c6
7.d5 Be6d7
8.O-O Nc6e7
9.Bc1g5 h6
10.Bg5h4 g5
11.Bh4g3 Ne7g6
12.a4 a6
13.b4 Qd8e7
14.b5 a5
15.Be2d3 b6
16.Ra1a3 Bf8g7
17.Nc3e2 Nf6h5
18.Ra3c3 Ra8b8
19.Rc3xc7 O-O
20.Bg3h2 Rf8c8
21.Rc7xc8 Rb8xc8
22.c4 Ng6f4
23.Ne2xf4 gxf4
24.Nf3d2  { time }
1-0

[Event "Fast Game"]
[Site "www.echecsemail.com"]
[Date "2016.08.04"]
[Round "1"]
[White "Yorli"]
[Black "Cal"]
[WhiteElo "1599"]
[BlackElo "1660"]
[Result "0-1"]
[Round "1"]
1.d4 d5
2.c4 dxc4
3.d5 Qd8d6
4.e4 h6
5.Ng1f3 Ng8f6
6.Nb1c3 Bc8g4
7.Bf1xc4 a6
8.O-O b5
9.Bc4e2 Nb8d7
10.Bc1e3 c6
11.e5 Qd6c7
12.exf6 Nd7xf6
13.dxc6 e6
14.a4 Bf8d6
15.Qd1c2 Bg4xf3
16.Be2xf3 O-O
17.h3 b4
18.Nc3e4 Bd6e5
19.Qc2c4 Nf6d5
20.Be3d2 Be5xb2
21.Ra1d1 f5
22.Ne4g3 a5
23.Bf3xd5 exd5
24.Qc4xd5 Kh8
25.Ng3xf5 Ra8d8
26.Qd5f3 Qc7e5
27.g4 g6
28.c7 Qe5xc7
29.Qf3g2 gxf5
30.g5 h5
31.g6 Rf8g8
32.Rf1e1 Qc7b6
33.Bd2e3 Qb6c7
34.Qg2g5 Bb2g7
35.Qg5xh5 Bg7h6
36.Be3d4 Rd8xd4
37.Rd1xd4 Qc7g7
38.Rd4h4 Qg7xg6
39.Kf1 Qg6g2
40.Ke2 Rg8g6
41.Rh4g4 Rg6e6
42.Kd1 Qg2d5
43.Kc2 b3
44.Kb2 Qd5d2
45.Ka3 Qd2a2
{ resign }
0-1

[Event "Tourn. n8904"]
[Site "www.chess-mail.com"]
[Date "2016.08.05"]
[Round "1"]
[White "Madz123456"]
[Black "Francesco"]
[WhiteElo "2020"]
[BlackElo "2000"]
[Result "1-0"]
[Round "1"]
1.d4 d5
2.c4 c6
3.cxd5 cxd5
4.Bc1f4 Bc8g4
5.h3 Bg4h5
6.Qd1b3 b6
7.Nb1c3 e6
8.Nc3b5 Ng8f6
9.Nb5c7 { resign }
1-0

[Event "Tourn. n8816"]
[Site "www.chess-mail.com"]
[Date "2016.08.05"]
[Round "1"]
[White "Picifarkinca"]
[Black "Osopanda"]
[WhiteElo "1960"]
[BlackElo "1980"]
[Result "0-1"]
[Round "1"]
1.d4 d5
2.c4 e6
3.Nb1c3 Ng8f6
4.Bc1g5 Bf8e7
5.e3 c6
6.Ng1f3 O-O
7.Ra1c1 Nb8d7
8.cxd5 exd5
9.Bf1d3 Rf8e8
10.O-O Nd7f8
11.Qd1c2 Bc8g4
12.Nf3e5 Bg4h5
13.f3 h6
14.Bg5h4 Nf6d7
15.Bh4g3 Nd7xe5
16.Bg3xe5 Bh5g6
17.Kh1 Bg6xd3
18.Qc2xd3 Be7f6
19.f4 Bf6xe5
20.fxe5 Nf8e6
21.Qd3f5 Qd8e7
22.Rc1c2 f6
23.Rc2f2 fxe5
24.Qf5xe5 Re8f8
25.Rf2xf8 Ra8xf8
26.Rf1xf8 Kxf8
27.Kg1 Kf7
28.Qe5f5 Qe7f6
29.Qf5h5 Kg8
30.Qh5e8 Kh7
31.Qe8d7 Ne6d8
32.Qd7e8 a5
33.Qe8h5 b5
34.Qh5f3 Qf6xf3
35.gxf3 Kg6
36.Kg2 Kf5
37.Kg3 g5
38.e4 dxe4
39.fxe4 Kf6
40.Nc3e2 Nd8e6
41.Kg4 Kg6
42.d5 cxd5
43.exd5 Ne6c5
44.Ne2d4 b4
45.Nd4b3 Nc5b7
46.Nb3d4 h5
47.Kf3 Kf6
48.Nd4e6 g4
49.Kf4 Nb7d6
50.b3 Nd6f7
51.Ne6c5 Ke7
52.Nc5e4 Kd7
53.Kf5 Nf7d6
{ resign }
0-1

[Event "Tourn. n8812"]
[Site "www.chess-mail.com"]
[Date "2016.08.05"]
[Round "1"]
[White "Seger"]
[Black "Gimmyg"]
[WhiteElo "2770"]
[BlackElo "2520"]
[Result "1-0"]
[Round "1"]
1.d4 Ng8f6
2.Ng1f3 e6
3.c4 d5
4.Nb1c3 a6
5.cxd5 exd5
6.Bc1g5 Bf8e7
7.Qd1b3 O-O
8.Bg5xf6 Be7xf6
9.Nc3xd5 Nb8c6
10.Nd5xf6 Qd8xf6
11.e3 Rf8d8
12.Bf1e2 Rd8d6
13.Ra1d1 Qf6d8
14.d5 Nc6e7
15.Nf3e5 b5
16.O-O Qd8e8
17.Be2h5 g6
18.Bh5f3 Ne7f5
19.Ne5c6 Bc8d7
20.Nc6a5 Nf5h4
21.Bf3e2 Qe8e5
22.Na5b7 Qe5g5
23.g3 Rd6b6
24.Nb7a5 Nh4f5
25.Qb3c3 Ra8c8
26.e4 Nf5d6
27.f4 Qg5e7
28.e5 Nd6b7
29.Na5b3 a5
30.Be2f3 a4
31.Nb3d4 b4
32.Qc3e3 Nb7d6
33.Rf1e1 Nd6c4
34.Qe3f2 a3
35.b3 Nc4b2
36.Rd1d2 h6
37.f5 Bd7xf5
38.Nd4xf5 gxf5
39.d6 { resign }
1-0

[Event "Match"]
[Site "www.echecsemail.com"]
[Date "2016.08.05"]
[Round "1"]
[White "Sundar"]
[Black "Chapi"]
[WhiteElo "1929"]
[BlackElo "2180"]
[Result "1-0"]
[Round "1"]
1.d4 d5
2.c4 c6
3.e3 Bc8f5
4.Nb1d2 Ng8f6
5.Ng1f3 e6
6.Bf1e2 Bf8e7
7.cxd5 cxd5
8.Qd1b3 Qd8c7
9.Be2b5 Nb8d7
10.Nf3e5 O-O
11.f4 Ra8c8
12.Bb5d3 Bf5xd3
13.Qb3xd3 Qc7xc1
14.Ra1xc1 Rc8xc1
15.Ke2 Rc1xh1
16.Ne5xd7 Nf6xd7
17.Nd2f1 Rf8c8
18.Qd3d2 Nd7f6
19.g3 Nf6g4
20.Kf3 Rh1xf1
21.Kxg4 Rf1c1
22.Qd2a5 Rc1c2
23.b3 a6
24.Qa5b6 Rc8b8
25.h4 Be7d8
26.Qb6d6 Rb8c8
27.Qd6d7 Rc2c7
28.Qd7e8 
1-0

[Event "Match"]
[Site "www.echecsemail.com"]
[Date "2016.08.05"]
[Round "1"]
[White "Pariolinius"]
[Black "Willyp"]
[WhiteElo "1630"]
[BlackElo "1599"]
[Result "0-1"]
[Round "1"]
1.d4 Ng8f6
2.c4 e6
3.Ng1f3 Bf8b4
4.Nb1d2 Nb8c6
5.e3 b6
6.Bf1d3 d5
7.cxd5 Nf6xd5
8.O-O Bc8b7
9.a3 Bb4e7
10.Nd2c4 Nd5f6
11.Bc1d2 O-O
12.Qd1c2 g6
13.e4 Nc6xd4
14.Nf3xd4 Qd8xd4
15.Bd2c3 Qd4d7
16.Ra1d1 Qd7c6
17.Nc4e5 Qc6e8
18.Rf1e1 c5
19.a4 Qe8b8
20.Qc2d2 Be7d6
21.Qd2g5 Qb8d8
22.Ne5c4 Nf6e8
23.Qg5h6 Bd6e7
24.Nc4e5 Be7g5
25.Qh6h3 Qd8e7
26.Ne5f3 Bg5f6
27.e5 Bf6g7
28.Bc3d2 Bb7d5
29.Nf3g5 h6
30.Ng5f3 h5
31.Bd2g5 Qe7b7
32.Qh3g3 c4
33.Bd3c2 Ra8c8
34.Nf3d4 a6
35.f3 Qb7c7
36.f4 Qc7b7
37.Rd1d2 b5
38.Re1a1 b4
39.Bc2d1 f6
40.exf6 Ne8xf6
41.Bd1c2 Nf6g4
42.Bc2xg6 c3
43.bxc3 bxc3
44.Rd2c2 Bg7xd4
45.Kh1 Qb7g7
46.Bg6xh5 Ng4f2
47.Rc2xf2 c2
48.Ra1c1 Bd4xf2
49.Qg3xf2 Qg7xg5
50.fxg5 Rf8xf2
{ resign }
0-1

[Event "Match"]
[Site "www.echecsemail.com"]
[Date "2016.08.05"]
[Round "1"]
[White "Jhzes"]
[Black "Heiserman"]
[WhiteElo "1960"]
[BlackElo "2380"]
[Result "0-1"]
[Round "1"]
1.c4 Ng8f6
2.Ng1f3 e6
3.d4 b6
4.Nb1c3 Bc8b7
5.e3 d5
6.Qd1a4 Nb8d7
7.Nf3e5 dxc4
8.Ne5xd7 Nf6xd7
9.Qa4xc4 c5
10.dxc5 Bf8xc5
11.b4 Bc5d6
12.Nc3e4 Bd6e5
13.Ra1b1 O-O
14.Ne4g5 Qd8xg5
15.f4 Qg5g6
16.fxe5 Qg6xb1
17.Bf1d3 Ra8c8
18.O-O Rc8xc4
19.Bd3xb1 Rf8c8
20.Bc1d2 Nd7xe5
{ resign }
0-1

[Event "1/128 Finale"]
[Site "www.chess-mail.com"]
[Date "2016.08.05"]
[Round "1"]
[White "Franciscus"]
[Black "Ssharp"]
[WhiteElo "1499"]
[BlackElo "2190"]
[Result "1-0"]
[Round "1"]
1.e4 e6
2.c4 e5
3.Ng1f3 Nb8c6
4.Nb1c3 Ng8f6
5.Bf1e2 Bf8b4
6.Nc3d5 Nf6xe4
7.Nd5xb4 Nc6xb4
8.Nf3xe5 Qd8e7
9.d4 d6
10.Qd1a4 Nb4c6
11.Ne5xc6 Qe7d7
12.Qa4c2 Ne4xf2
13.Kxf2 Qd7xc6
14.Be2f3 Qc6b6
15.Rh1e1 Kf8
16.c5 { resign }
1-0

[Event "Tourn. n8892"]
[Site "www.chess-mail.com"]
[Date "2016.08.06"]
[Round "1"]
[White "Bichoraro92"]
[Black "Bojan"]
[WhiteElo "2020"]
[BlackElo "2000"]
[Result "1-0"]
[Round "1"]
1.d4 g6
2.e4 Bf8g7
3.f4 d6
4.Ng1f3 f6
5.Bf1d3 e5
6.O-O Nb8c6
7.d5 Nc6e7
8.c4 a6
9.Nb1c3 Ng8h6
10.fxe5 fxe5
11.Nf3g5 Bc8g4
12.Bd3e2 Bg4xe2
13.Qd1xe2 Qd8d7
14.Ng5e6 Nh6f5
15.exf5 Ne7xf5
16.g4 Nf5d4
17.Ne6xd4 O-O-O
18.Nd4e6 Rd8g8
19.Bc1e3 h6
20.Rf1f2 g5
21.Ra1f1 Qd7e8
22.Rf2f7 { resign }
1-0

[Event "Tourn. n8843"]
[Site "www.chess-mail.com"]
[Date "2016.08.06"]
[Round "1"]
[White "Pariolinius"]
[Black "Attatroll"]
[WhiteElo "1740"]
[BlackElo "1880"]
[Result "1/2-1/2"]
[Round "1"]
1.d4 e5
2.e4 Nb8c6
3.d5 Nc6e7
4.Ng1f3 d6
5.c4 f5
6.Nb1c3 Ng8f6
7.Bf1d3 fxe4
8.Nc3xe4 Nf6xe4
9.Bd3xe4 Bc8f5
10.Be4xf5 Ne7xf5
11.O-O Bf8e7
12.Qd1a4 Qd8d7
13.Qa4xd7 Kxd7
14.Bc1d2 Be7f6
15.Bd2c3 Nf5d4
16.Nf3xd4 exd4
17.Bc3d2 Rh8f8
18.Ra1e1 Ra8e8
19.b3 Re8xe1
20.Rf1xe1 Rf8e8
21.Kf1 c5
22.h3 Re8xe1
23.Kxe1 g5
24.f3 h5
25.Ke2 Bf6d8
26.Kd3 a6
27.Ke4 b5
28.f4 gxf4
29.Kxf4 Bd8f6
30.Kf5 Bf6e5
31.Kg5 bxc4
32.bxc4 Be5g3
33.Kxh5 Bg3f2
34.g4 Bf2e3
35.Bd2e1 d3
36.g5 Ke7
37.Kg4 d2
38.Be1xd2 Be3xd2
39.Kf5 Kf7
40.h4 Kg7
41.h5 a5
42.h6 Kh7
43.Kf6 Bd2f4
44.g6 Kxh6
45.Kf7 Bf4e5
46.a4 Be5d4
47.Ke6 Bd4e5
48.Kf7 Be5d4
{ draw }
1/2-1/2

[Event "Tourn. n8872"]
[Site "www.chess-mail.com"]
[Date "2016.08.06"]
[Round "1"]
[White "Julian"]
[Black "Osopanda"]
[WhiteElo "2050"]
[BlackElo "2010"]
[Result "1-0"]
[Round "1"]
1.e4 c5
2.Ng1f3 d6
3.Bf1c4 e6
4.c3 Nb8c6
5.d4 cxd4
6.cxd4 Ng8f6
7.Nb1c3 Bf8e7
8.O-O O-O
9.Bc1g5 e5
10.dxe5 dxe5
11.Qd1e2 Nc6d4
12.Nf3xd4 exd4
13.Nc3b5 a6
14.Nb5a3 b5
15.Bc4d3 Bc8e6
16.Ra1c1 h6
17.Bg5xf6 Be7xf6
18.e5 Bf6e7
19.f4 Ra8c8
20.f5 Be6xa2
21.Rc1xc8 Qd8xc8
22.f6 Be7xa3
23.bxa3 Ba2c4
24.Rf1f3 Bc4xd3
25.Qe2xd3 Qc8c1
26.Kf2 Rf8c8
27.Qd3xd4 Rc8c2
28.Kg3 Qc1e1
29.Kh3 Rc2c4
30.Qd4d8 Kh7
31.Rf3g3 Qe1xe5
32.Rg3xg7 { resign }
1-0

[Event "Tourn. n8830"]
[Site "www.chess-mail.com"]
[Date "2016.08.06"]
[Round "1"]
[White "Bigrezi"]
[Black "Gatrooper"]
[WhiteElo "1780"]
[BlackElo "1630"]
[Result "1-0"]
[Round "1"]
1.e4 e5
2.Ng1f3 Nb8c6
3.Bf1b5 Nc6d4
4.Nf3xd4 exd4
5.d3 a6
6.Bb5c4 d6
7.c3 Bc8e6
8.Bc4xe6 fxe6
9.O-O h6
10.cxd4 d5
11.e5 Qd8d7
12.Nb1c3 Ng8e7
13.b3 c6
14.Nc3a4 Ne7c8
15.Na4c5 Bf8xc5
16.dxc5 Nc8e7
17.d4 O-O-O
18.Bc1d2 Ne7f5
19.Bd2a5 Rd8g8
20.b4 b5
21.a4 Qd7f7
22.axb5 cxb5
23.Qd1d2 g5
24.c6 Nf5e7
25.Qd2c3 Ne7xc6
26.Qc3xc6 Kb8
27.Ra1c1 Rg8c8
28.Qc6b6 Ka8
29.Rc1xc8 Rh8xc8
30.Qb6xa6 Qf7a7
31.Qa6xc8 Qa7b8
32.Rf1c1 Qb8xc8
33.Rc1xc8 Kb7
34.Rc8c7 Kb8
35.Rc7e7 h5
36.Re7xe6 g4
37.Re6b6 Ka7
38.Rb6xb5 Ka6
39.Rb5xd5 h4
40.e6 { resign }
1-0

[Event "Match"]
[Site "www.echecsemail.com"]
[Date "2016.08.06"]
[Round "1"]
[White "Canario"]
[Black "Daquata"]
[WhiteElo "1870"]
[BlackElo "1750"]
[Result "0-1"]
[Round "1"]
1.e4 e5
2.Ng1f3 Nb8c6
3.Nb1c3 Ng8f6
4.Bf1c4 Bf8e7
5.d4 exd4
6.Nf3xd4 d6
7.Nd4xc6 bxc6
8.a3 O-O
9.O-O Bc8b7
10.Bc1e3 c5
11.Bc4d5 Nf6xd5
12.Nc3xd5 Bb7xd5
13.Qd1xd5 Be7f6
14.c3 Qd8d7
15.f4 Rf8d8
16.Ra1d1 Qd7e7
17.g3 Rd8e8
18.e5 dxe5
19.fxe5 Qe7xe5
20.Qd5xe5 Re8xe5
21.Be3xc5 Re5xc5
22.Rf1f3 Ra8b8
23.Rd1d2 a5
24.h4 Rc5b5
25.Rf3f2 h6
26.Kg2 Rb5b6
27.Rf2e2 Rb6d6
28.Rd2c2 Rb8d8
29.b4 axb4
30.cxb4 Rd6d3
31.a4 Rd3d4
32.Rc2xc7 Rd4xb4
33.Re2a2 Rd8a8
34.a5 Rb4b2
35.Ra2xb2 Bf6xb2
36.Rc7c5 Ra8a6
37.Kf3 Bb2a3
38.Rc5d5 Ba3b4
39.Rd5d8 Kh7
40.Rd8d7 f6
41.Rd7d4 Bb4xa5
42.Rd4a4 Ra6a7
43.g4 Ba5b6
44.Ra4xa7 Bb6xa7
45.Kf4 Ba7b8
46.Kf5 Bb8e5
47.h5 Kg8
48.Kg6 Kf8
49.Kf5 Kf7
50.Ke4 Ke6
51.Kd3 f5
52.gxf5 Kxf5
53.Ke3 Kg4
54.Ke4 Be5f6
{ resign }
0-1